[Event "Tourn. n7829"]
[Site "www.chess-mail.com"]
[Date "2015.01.18"]
[Round "1"]
[White "Odin"]
[Black "Anja"]
[WhiteElo "1650"]
[BlackElo "1760"]
[Result "0-1"]
[Round "1"]
1.e4 Ng8f6
2.e5 Nf6d5
3.c4 Nd5b6
4.b4 Nb8c6
5.c5 Nb6d5
6.Bf1c4 e6
7.d4 Nd5xb4
8.a3 Nb4d5
9.Ng1f3 d6
10.Bc1g5 Bf8e7
11.Qd1d2 dxc5
12.Bg5xe7 Qd8xe7
13.Nb1c3 Nd5xc3
14.Qd2xc3 cxd4
15.Nf3xd4 Nc6xe5
16.O-O Ne5xc4
17.Qc3xc4 O-O
18.Rf1e1 Qe7f6
19.Nd4f3 c6
20.a4 Rf8d8
21.Ra1d1 Bc8d7
22.Nf3e5 Bd7e8
23.Qc4b3 Rd8xd1
24.Qb3xd1 Ra8d8
25.Qd1b3 b6
26.h3 c5
27.Ne5g4 Qf6d4
28.a5 Be8a4
29.Qb3f3 Qd4d5
30.Qf3g3 Kh8
31.Ng4e5 Qd5b7
32.axb6 axb6
33.Qg3f4 Ba4e8
34.Qf4h4 Qb7c7
35.Ne5f3 h6
36.Nf3e5 f6
37.Ne5g4 e5
38.Ng4xh6 gxh6
39.Qh4xf6 Kh7
40.Re1xe5 Rd8d1
41.Kh2 Rd1e1
42.f4 Re1xe5
43.fxe5 c4
44.Kg1 b5
45.g4 Qc7f7
46.Qf6h4 c3
47.Qh4e1 Qf7c4
48.Qe1e3 c2
49.Qe3c1 Qc4d4
50.Kh2 Qd4f2
51.Kh1 Be8c6
{ resign }
0-1

[Event "Match"]
[Site "www.echecsemail.com"]
[Date "2015.01.18"]
[Round "1"]
[White "Mrmoto"]
[Black "Reanna"]
[WhiteElo "1600"]
[BlackElo "1660"]
[Result "0-1"]
[Round "1"]
1.e4 e5
2.Ng1f3 Nb8c6
3.Bf1b5 Ng8f6
4.d3 Bf8c5
5.Nf3xe5 Nc6xe5
6.d4 Bc5b6
7.dxe5 Nf6xe4
8.Bc1e3 Bb6xe3
9.fxe3 Qd8h4
10.Ke2 Qh4f2
11.Kd3 Ne4c5
{ resign }
0-1

[Event "Match"]
[Site "www.echecsemail.com"]
[Date "2015.01.18"]
[Round "1"]
[White "Zozo"]
[Black "Iko"]
[WhiteElo "1360"]
[BlackElo "1440"]
[Result "0-1"]
[Round "1"]
1.d4 d5
2.e3 Nb8c6
3.Nb1c3 f5
4.f4 a6
5.a4 Bc8d7
6.b3 Nc6b4
7.Ng1f3 e6
8.h4 h5
9.g3 g6
10.Nf3e5 Ng8e7
11.Ne5d3 Nb4xd3
12.Qd1xd3 b5
13.Bc1a3 Ne7c6
14.Ba3c5 b4
15.Nc3e2 a5
16.c3 Bf8xc5
17.dxc5 Qd8e7
18.Qd3b5 Nc6d4
19.Qb5b7 Bd7c6
20.Qb7xa8 Bc6xa8
21.Ne2xd4 Qe7xc5
22.Bf1b5 c6
23.Nd4xe6 Qc5xe3
24.Bb5e2 Qe3xe6
25.c4 d4
26.Ra1d1 c5
27.Rd1d2 Ba8xh1
{ resign }
0-1

[Event "Match"]
[Site "www.echecsemail.com"]
[Date "2015.01.18"]
[Round "1"]
[White "Stevep84"]
[Black "Calponas"]
[WhiteElo "2160"]
[BlackElo "2090"]
[Result "1/2-1/2"]
[Round "1"]
1.e4 c5
2.Ng1f3 d6
3.d4 cxd4
4.Nf3xd4 Ng8f6
5.Nb1c3 a6
6.Bc1e3 e5
7.Nd4f3 h6
8.Bf1c4 Qd8c7
9.Qd1e2 Bf8e7
10.Nf3d2 b5
11.Nc3d5 Nf6xd5
12.Bc4xd5 Bc8b7
13.Qe2d3 Nb8c6
14.O-O O-O
15.c4 Nc6b4
16.Qd3b3 Nb4xd5
17.cxd5 Rf8c8
18.Nd2f3 Qc7d8
19.Rf1c1 Rc8xc1
20.Ra1xc1 Ra8c8
21.Qb3d1 { draw }
1/2-1/2

[Event "Match"]
[Site "www.echecsemail.com"]
[Date "2015.01.18"]
[Round "1"]
[White "Castletyme"]
[Black "Pinehill"]
[WhiteElo "1860"]
[BlackElo "1680"]
[Result "1-0"]
[Round "1"]
1.e4 d5
2.exd5 Ng8f6
3.c4 e6
4.dxe6 Bc8xe6
5.b3 Bf8c5
6.f3 Qd8e7
7.Ng1e2 O-O
8.Nb1c3 Nb8c6
9.Bc1b2 Ra8d8
10.Qd1c2 Nc6d4
11.Qc2d1 Bc5b4
12.Nc3b5 Nd4xe2
13.Qd1xe2 Rf8e8
14.O-O-O a6
15.Nb5c3 Bb4a3
16.d4 c6
17.g4 Ba3xb2
18.Kxb2 Qe7c7
19.Qe2f2 Qc7f4
20.Nc3e2 Be6xg4
21.Ne2xf4 Nf6e4
22.fxe4 Bg4xd1
23.Bf1d3 { resign }
1-0

[Event "Match"]
[Site "www.echecsemail.com"]
[Date "2015.01.18"]
[Round "1"]
[White "Karlgrocer"]
[Black "Kozakliuty"]
[WhiteElo "1960"]
[BlackElo "1510"]
[Result "0-1"]
[Round "1"]
1.Ng1f3 a6
2.e3 Nb8c6
3.Bf1e2 e5
4.d3 d5
5.O-O Bf8d6
6.Nf3d2 Ng8f6
7.c4 dxc4
8.Nd2xc4 Bc8e6
9.Nb1d2 O-O
10.Nc4xd6 cxd6
11.Nd2c4 d5
12.Nc4d2 Be6f5
13.a3 b5
14.b3 Ra8c8
15.Bc1b2 Rf8e8
16.h3 Qd8d6
17.Rf1e1 a5
18.d4 b4
19.dxe5 Nc6xe5
20.Bb2xe5 Qd6xe5
21.a4 Bf5c2
{ resign }
0-1

[Event "Match"]
[Site "www.echecsemail.com"]
[Date "2015.01.18"]
[Round "1"]
[White "Umzi"]
[Black "Neo"]
[WhiteElo "2140"]
[BlackElo "1780"]
[Result "1-0"]
[Round "1"]
1.e4 e5
2.Ng1f3 d6
3.d4 exd4
4.Nf3xd4 g6
5.Nb1c3 Bf8g7
6.Bf1c4 Ng8h6
7.O-O O-O
8.h3 c6
9.Bc1d2 b5
10.Bc4b3 a6
11.a3 c5
12.Nd4f3 c4
13.Bb3a2 Bc8e6
14.Qd1c1 d5
15.Bd2xh6 dxe4
16.Nc3xe4 Be6f5
17.Ne4g3 Bf5e4
18.Ng3xe4 Nb8c6
19.Bh6xg7 Kxg7
20.b3 Nc6d4
21.Nf3xd4 Qd8xd4
22.Ne4g3 cxb3
23.Ba2xb3 Ra8c8
24.Qc1g5 Rc8c5
25.Qg5g4 Qd4e5
26.Rf1e1 Qe5c7
27.Ra1d1 a5
28.Rd1d7 Qc7c6
29.Re1e7 Qc6f6
30.Ng3e4 Qf6a1
31.Kh2 Rc5c6
32.Re7xf7 Rf8xf7
33.Rd7xf7 Kg8
34.Rf7c7 Kh8
35.Qg4c8 
1-0

[Event "Match"]
[Site "www.echecsemail.com"]
[Date "2015.01.18"]
[Round "1"]
[White "Antuan72"]
[Black "Difficult"]
[WhiteElo "2030"]
[BlackElo "1880"]
[Result "1/2-1/2"]
[Round "1"]
1.e4 Ng8f6
2.Nb1c3 e5
3.Ng1f3 Nb8c6
4.Bf1c4 Bf8e7
5.O-O d6
6.h3 O-O
7.d4 exd4
8.Nf3xd4 Bc8d7
9.a3 Nc6xd4
10.Qd1xd4 Bd7c6
11.Rf1e1 Nf6d7
12.Qd4d1 Nd7e5
13.Bc4a2 Be7f6
14.Nc3d5 Bc6xd5
15.Ba2xd5 c6
16.Bd5b3 Rf8e8
17.f3 Qd8c7
18.Bc1f4 Ra8d8
19.Qd1e2 Ne5g6
20.Bf4g3 Bf6e5
21.Bg3xe5 dxe5
22.Ra1d1 Ng6f4
23.Qe2f1 Rd8xd1
24.Re1xd1 Re8d8
25.c3 h6
26.Kh2 Rd8xd1
27.Qf1xd1 Qc7e7
{ draw }
1/2-1/2

[Event "1/128 Finale"]
[Site "www.chess-mail.com"]
[Date "2015.01.18"]
[Round "1"]
[White "Pancon"]
[Black "Llord"]
[WhiteElo "1499"]
[BlackElo "1710"]
[Result "0-1"]
[Round "1"]
1.e4 e5
2.Ng1f3 Nb8c6
3.Bf1b5 Qd8f6
4.Nb1c3 Bf8c5
5.O-O a6
6.Bb5c4 Ng8e7
7.d3 O-O
8.Bc1e3 d6
 { time }
0-1

[Event "Eq:CONFOEDERATIONIS HELVETICAE-Los Tercios : "]
[Site "www.chess-mail.com"]
[Date "2015.01.18"]
[Round "1"]
[White "Lui"]
[Black "Schwiizer"]
[WhiteElo "2400"]
[BlackElo "2640"]
[Result "0-1"]
[Round "1"]
1.e4 c5
2.Ng1f3 e6
3.d4 cxd4
4.Nf3xd4 Nb8c6
5.Nb1c3 Qd8c7
6.Bc1e3 a6
7.Bf1d3 Ng8f6
8.O-O b5
9.Nd4xc6 dxc6
10.f4 e5
11.f5 Bc8b7
12.a4 Bf8e7
13.Qd1e2 O-O
14.Qe2f3 Ra8d8
15.Rf1d1 Rd8d7
16.h3 Rf8d8
17.Qf3f2 b4
18.Be3b6 Qc7b8
19.Bb6xd8 Qb8xd8
20.Nc3e2 Nf6xe4
21.Qf2f3 Be7c5
22.Kh2 Ne4f2
23.Rd1f1 Nf2xd3
24.cxd3 Rd7xd3
25.Qf3g4 Bc5f8
26.f6 g6
27.Ne2g3 c5
28.Ra1d1 e4
29.Qg4e2 c4
30.Qe2c2 Qd8d4
31.Rd1c1 Bf8d6
{ resign }
0-1

[Event "Eq:La Taverne-SIETE ESTRELLAS VERDES : "]
[Site "www.chess-mail.com"]
[Date "2015.01.18"]
[Round "1"]
[White "Caspito"]
[Black "Gilliere"]
[WhiteElo "1900"]
[BlackElo "1850"]
[Result "0-1"]
[Round "1"]
1.e4 e5
2.Ng1f3 d6
3.Bf1c4 h6
4.Nb1c3 Ng8f6
5.d3 Bc8g4
6.Nf3xe5 Bg4xd1
7.Bc4xf7 Ke7
8.Ne5g6 Kxf7
9.Ng6xh8 Kg8
10.Nh8g6 Bd1h5
11.Ng6f4 Bh5f7
12.O-O Nb8c6
13.Nc3d1 Nc6d4
14.c3 Nd4e6
15.Nf4e2 Ne6c5
16.Ne2f4 g5
17.Nf4h3 Nc5xd3
{ resign }
0-1

[Event "Tourn. n7901"]
[Site "www.chess-mail.com"]
[Date "2015.01.19"]
[Round "1"]
[White "Colchester"]
[Black "Osopanda"]
[WhiteElo "1800"]
[BlackElo "1910"]
[Result "1/2-1/2"]
[Round "1"]
1.d4 d5
2.Ng1f3 Ng8f6
3.g3 c6
4.Bf1g2 g6
5.O-O Bf8g7
6.Nb1d2 O-O
7.c4 Nb8a6
8.a3 Rf8e8
9.Nf3e5 Nf6e4
10.Nd2xe4 dxe4
11.Bg2xe4 Na6c7
12.e3 e6
13.Be4g2 Qd8e7
14.Bc1d2 f6
15.Ne5f3 e5
16.Bd2c3 exd4
17.exd4 Bc8f5
18.Bc3b4 Qe7e2
19.Qd1xe2 Re8xe2
20.Bb4c3 b5
21.cxb5 Nc7xb5
22.Rf1e1 Ra8e8
23.Kf1 Bf5d3
24.Re1xe2 Bd3xe2
25.Kg1 Nb5xc3
26.bxc3 Be2c4
27.Ra1e1 Re8xe1
28.Nf3xe1 Bc4d5
29.Bg2xd5 cxd5
30.Kf1 Bg7f8
31.a4 Kf7
32.Ke2 Ke6
33.f4 Kf5
34.Kf3 Bf8a3
35.g4 Ke6
36.Ne1d3 Kd6
37.Ke3 { draw }
1/2-1/2

[Event "Tourn. n8028"]
[Site "www.chess-mail.com"]
[Date "2015.01.19"]
[Round "1"]
[White "Krasin"]
[Black "Difficult"]
[WhiteElo "2230"]
[BlackElo "2020"]
[Result "1-0"]
[Round "1"]
1.e4 e5
2.f4 exf4
3.Ng1f3 d5
4.exd5 Ng8f6
5.Bf1c4 Nf6xd5
6.O-O Bf8e7
7.Bc4b3 O-O
8.c4 Nd5f6
9.d4 c5
10.d5 Be7d6
11.Nb1c3 a6
12.Nf3g5 Nf6g4
13.Nc3e4 Ng4e3
14.Bc1xe3 fxe3
15.Qd1h5 h6
16.Ng5xf7 { resign }
1-0

[Event "Tourn. n7903"]
[Site "www.chess-mail.com"]
[Date "2015.01.19"]
[Round "1"]
[White "Goga"]
[Black "Anja"]
[WhiteElo "1970"]
[BlackElo "1940"]
[Result "0-1"]
[Round "1"]
1.d4 f5
2.Nb1c3 Ng8f6
3.Bc1g5 e6
4.e4 Bf8e7
5.Bf1d3 d6
6.Qd1e2 O-O
7.Bg5xf6 Be7xf6
8.e5 dxe5
9.dxe5 Bf6g5
10.Ng1f3 Nb8c6
11.g3 Nc6d4
12.Nf3xd4 Qd8xd4
13.f4 Bg5e7
14.O-O-O Qd4b6
15.h3 Bc8d7
16.g4 Be7c5
17.Rd1f1 fxg4
18.hxg4 g6
19.Qe2h2 Kf7
20.Bd3xg6 hxg6
21.Qh2h7 Ke8
22.Qh7xg6 Kd8
23.Qg6g5 Bc5e7
24.Qg5g7 Qb6e3
25.Kb1 Rf8xf4
26.Rf1d1 Rf4d4
27.Rd1f1 Bd7e8
28.Rh1h7 Qe3g5
29.Qg7xg5 Be7xg5
30.Nc3b5 Rd4d7
31.Rh7xd7 Kxd7
32.Rf1d1 Kc8
33.Nb5d4 Be8d7
34.Rd1h1 b6
35.Rh1h7 Bg5e3
36.c3 Be3xd4
37.cxd4 c6
38.g5 Kc7
39.g6 Ra8g8
40.g7 Bd7e8
41.Rh7h6 Kd7
42.Kc2 Rg8xg7
43.Rh6h3 a6
44.a4 Be8f7
45.Kc3 Rg7g4
46.Rh3f3 Ke7
47.b4 Bf7h5
48.Rf3h3 Rg4g5
49.Rh3e3 Bh5d1
50.a5 bxa5
51.bxa5 Rg5g2
52.Re3d3 Bd1a4
53.Kb4 Ba4b5
54.Rd3c3 Rg2d2
55.Kc5 Rd2a2
56.Kb4 Ra2a4
57.Kc5 Ra4xa5
{ resign }
0-1

[Event "Tourn. n7990"]
[Site "www.chess-mail.com"]
[Date "2015.01.19"]
[Round "1"]
[White "Bojan"]
[Black "Francesco"]
[WhiteElo "2000"]
[BlackElo "2070"]
[Result "1-0"]
[Round "1"]
1.e4 c6
2.c4 d5
3.d3 dxc4
4.d4 b5
5.h3 e5
6.dxe5 Qd8xd1
7.Kxd1 Bf8c5
8.Ke1 Bc5d4
9.Ng1f3 c5
10.a4 Nb8c6
11.axb5 Nc6xe5
12.Nf3xd4 cxd4
13.Ra1a4 Bc8e6
14.Bc1f4 Ne5d3
15.Bf1xd3 cxd3
16.Ra4xd4 Ng8f6
17.Bf4e5 Ke7
18.Nb1c3 Rh8c8
19.Kd2 Be6c4
20.Rh1a1 Rc8c5
21.Be5d6 Ke6
22.Bd6xc5 Ke5
23.Rd4xc4 { resign }
1-0

[Event "Tourn. n7977"]
[Site "www.chess-mail.com"]
[Date "2015.01.19"]
[Round "1"]
[White "Attatroll"]
[Black "Vite"]
[WhiteElo "2080"]
[BlackElo "2000"]
[Result "1-0"]
[Round "1"]
1.e4 c6
2.Ng1f3 d5
3.exd5 cxd5
4.Nf3e5 Ng8f6
5.d4 a6
6.c3 Nb8d7
7.f4 Nd7xe5
8.fxe5 Nf6e4
9.Nb1d2 Bc8f5
10.Bf1e2 e6
11.Be2f3 Qd8h4
12.g3 Ne4xg3
13.hxg3 Qh4xg3
14.Ke2 Bf5g4
15.Bf3xg4 Qg3xg4
16.Kd3 Qg4g3
17.Kc2 Qg3g6
18.Kb3 Qg6d3
19.Qd1f1 Qd3g6
20.Rh1g1 Qg6h5
21.Nd2f3 b5
22.Rg1g5 Qh5h6
23.Bc1d2 g6
24.Qf1g2 a5
25.a3 Bf8e7
26.Rg5g3 Qh6f8
27.Nf3g5 Kd7
28.Ra1f1 a4
29.Ka2 Qf8c8
30.Rf1xf7 Qc8c4
31.Kb1 b4
32.cxb4 Rh8c8
33.Bd2c3 Rc8f8
34.Qg2h3 Rf8xf7
35.Qh3xe6 Kd8
36.Ng5xf7 { resign }
1-0

[Event "Tourn. n7824"]
[Site "www.chess-mail.com"]
[Date "2015.01.19"]
[Round "1"]
[White "Fractal"]
[Black "Wegaman"]
[WhiteElo "1930"]
[BlackElo "1960"]
[Result "0-1"]
[Round "1"]
1.e4 e6
2.d4 d5
3.Nb1c3 Bf8b4
4.e5 c5
5.a3 Bb4xc3
6.bxc3 Ng8e7
7.Ng1f3 Nb8c6
8.a4 a5
9.Bf1b5 O-O
10.O-O Qd8b6
11.Bc1e3 cxd4
12.cxd4 Ne7f5
13.Ra1b1 Qb6c7
14.c3 Nf5xe3
15.fxe3 Bc8d7
16.Qd1b3 Ra8b8
17.Rb1b2 Rf8c8
18.Rf1c1 h6
19.Nf3e1 Nc6e7
20.Bb5xd7 Qc7xd7
21.Qb3b5 Qd7c7
22.Ne1d3 Ne7f5
23.Kf2 b6
24.g4 Nf5e7
25.Nd3f4 Ne7g6
26.Nf4e2 Ng6xe5
27.dxe5 Qc7xe5
28.Ne2d4 Qe5xh2
29.Kf3 Qh2e5
30.Nd4c6 Qe5f6
31.Kg3 Rb8b7
32.Rb2f2 Qf6g5
33.Rf2f4 h5
34.Nc6xa5 h4
35.Kh3 e5
36.Na5xb7 exf4
37.Qb5d7 Rc8f8
38.Qd7f5 Qg5xf5
39.gxf5 fxe3
40.Rc1e1 Rf8e8
41.Nb7d6 Re8e5
 { time }
0-1

[Event "Tourn. n7978"]
[Site "www.chess-mail.com"]
[Date "2015.01.19"]
[Round "1"]
[White "Georgepapi"]
[Black "Falcoale"]
[WhiteElo "1820"]
[BlackElo "1870"]
[Result "1-0"]
[Round "1"]
1.e4 c5
2.Ng1f3 Nb8c6
3.d4 cxd4
4.Nf3xd4 Qd8b6
5.Nd4xc6 bxc6
6.Nb1c3 Bc8b7
7.Bf1e2 e6
8.O-O a6
9.b3 Ng8f6
10.Bc1b2 Bf8e7
11.Rf1e1 Be7b4
12.Nc3a4 Qb6a5
13.c3 Bb4e7
14.Be2f3 O-O
15.e5 Nf6d5
16.c4 Nd5f4
17.Qd1xd7 Be7b4
18.Re1d1 Ra8b8
19.Qd7d4 Nf4g6
20.Qd4e3 Bb4e7
21.Bb2c3 Qa5c7
22.Na4c5 Rf8d8
23.h3 Ng6f8
24.Bf3e4 Nf8g6
25.Ra1c1 h6
26.Be4xg6 fxg6
27.Rd1xd8 Rb8xd8
28.Nc5xe6 Qc7c8
29.Ne6xd8 Qc8xd8
30.Qe3e4 g5
31.Qe4d4 Qd8xd4
32.Bc3xd4 Kf7
33.Rc1e1 Ke6
34.g3 Be7b4
35.Re1e2 c5
36.Bd4b2 Bb4a5
37.f4 gxf4
38.gxf4 Ba5d8
39.Re2d2 Bd8h4
40.Rd2d6 Kf5
41.Rd6d7 Bb7f3
42.Rd7xg7 Kxf4
43.e6 Ke3
44.e7 Bh4f2
45.Kh2 Bf3h5
46.Rg7g8 Ke2
47.e8Q { resign }
1-0

[Event "Tourn. n7983"]
[Site "www.chess-mail.com"]
[Date "2015.01.19"]
[Round "1"]
[White "Guidom"]
[Black "Anja"]
[WhiteElo "2040"]
[BlackElo "2010"]
[Result "1-0"]
[Round "1"]
1.e4 Ng8f6
2.Nb1c3 d5
3.e5 d4
4.Nc3e2 Nf6g4
5.f4 c5
6.h3 Ng4h6
7.d3 e6
8.Ng1f3 Nh6f5
9.Bc1d2 Nf5e7
10.g3 Nb8c6
11.Bf1g2 Ne7d5
12.O-O Bc8d7
13.c4 dxc3
14.Ne2xc3 Nd5b4
15.Qd1e2 Bf8e7
16.a3 Nb4d5
17.Nc3e4 f6
18.exf6 gxf6
19.Rf1e1 Rh8g8
20.g4 Be7d6
21.Ne4xd6 Kf8
22.f5 e5
23.Bd2h6 Ke7
24.Nd6xb7 Qd8b6
25.Nb7xc5 Qb6xc5
26.Kh1 Ra8b8
27.b4 Qc5b6
28.Qe2e4 Kd6
29.g5 fxg5
30.Nf3xe5 Nc6e7
31.Ne5c4 { resign }
1-0

[Event "Tourn. n8006"]
[Site "www.chess-mail.com"]
[Date "2015.01.19"]
[Round "1"]
[White "Krasin"]
[Black "Osopanda"]
[WhiteElo "2150"]
[BlackElo "2060"]
[Result "1-0"]
[Round "1"]
1.e4 c5
2.Ng1f3 d6
3.d4 cxd4
4.Nf3xd4 Ng8f6
5.Nb1c3 a6
6.Bc1e3 e5
7.Nd4b3 Bc8e6
8.Qd1d2 Nb8d7
9.f3 b5
10.O-O-O Ra8c8
11.Kb1 Nd7b6
12.g4 h6
13.Rh1g1 Bf8e7
14.h4 O-O
15.g5 hxg5
16.hxg5 Nf6h5
17.g6 Nh5f4
18.Be3xf4 exf4
19.Nb3d4 Nb6c4
20.Qd2h2 Be7h4
21.Nd4xe6 fxe6
22.Bf1xc4 Rc8xc4
23.Rg1g4 Rc4xc3
24.Rg4xh4 { resign }
1-0

[Event "Tourn. n7990"]
[Site "www.chess-mail.com"]
[Date "2015.01.19"]
[Round "1"]
[White "Francesco"]
[Black "Difficult"]
[WhiteElo "2070"]
[BlackElo "1900"]
[Result "1/2-1/2"]
[Round "1"]
1.e4 e6
2.d4 d5
3.exd5 exd5
4.Bf1d3 Bf8d6
5.Ng1e2 Ng8f6
6.Bc1f4 Bd6xf4
7.Ne2xf4 O-O
8.O-O Qd8d6
9.Qd1d2 Rf8e8
10.h3 Nb8c6
11.c3 Bc8d7
12.Nb1a3 a6
13.Na3c2 Nf6e4
14.Bd3xe4 Re8xe4
15.Nf4h5 Qd6g6
16.Nh5g3 Re4e7
17.Ra1e1 Ra8e8
18.Re1xe7 Re8xe7
19.Rf1e1 Re7xe1
{ draw }
1/2-1/2

[Event "Tourn. n7900"]
[Site "www.chess-mail.com"]
[Date "2015.01.19"]
[Round "1"]
[White "Pgcbies"]
[Black "Tyty56"]
[WhiteElo "2740"]
[BlackElo "2320"]
[Result "1/2-1/2"]
[Round "1"]
1.e4 d5
2.d4 dxe4
3.Nb1c3 Ng8f6
4.f3 exf3
5.Ng1xf3 Bc8f5
6.Nf3e5 c6
7.g4 Bf5e6
8.Bf1e2 Nb8d7
9.Ne5d3 g6
10.Nd3f4 Be6d5
11.Nf4xd5 Nf6xd5
12.Nc3xd5 cxd5
13.Qd1d3 Bf8g7
14.Bc1e3 Qd8a5
15.Qd3d2 Qa5xd2
16.Kxd2 Ra8c8
17.g5 O-O
18.c3 Nd7b6
19.b3 Rc8d8
20.Ra1e1 e6
21.h4 Rf8e8
22.h5 Nb6c8
23.Be2b5 Re8e7
24.Be3f4 Nc8d6
25.Bb5d3 Re7d7
26.Rh1h4 a6
27.hxg6 hxg6
28.Re1h1 Nd6f5
29.Rh4h2 { draw }
1/2-1/2

[Event "Tourn. n7977"]
[Site "www.chess-mail.com"]
[Date "2015.01.19"]
[Round "1"]
[White "Vite"]
[Black "Luban"]
[WhiteElo "2000"]
[BlackElo "2110"]
[Result "0-1"]
[Round "1"]
1.d4 d5
2.c4 e6
3.Nb1c3 Ng8f6
4.Bc1g5 Bf8e7
5.Ng1f3 O-O
6.e3 a6
7.Bf1d3 h6
8.Bg5h4 dxc4
9.Bd3xc4 b5
10.Bc4b3 Bc8b7
11.O-O Nb8d7
12.Bb3c2 c5
13.Ra1c1 Nd7b6
14.Qd1d3 c4
15.Qd3e2 Ra8c8
16.Nf3e5 b4
17.Nc3d1 Qd8d5
18.f3 Rf8e8
19.Bh4f2 Be7d6
20.e4 Qd5a5
21.Bc2b1 Bd6xe5
22.dxe5 Qa5xe5
23.Bf2g3 Qe5d4
24.Bg3f2 Qd4d8
25.e5 Nf6d5
26.Qe2c2 c3
27.Qc2h7 Kf8
28.Qh7h8 Ke7
29.Qh8xg7 Kd7
30.Qg7xh6 Re8h8
31.Qh6g7 Qd8e7
32.bxc3 Rc8g8
33.Qg7xg8 Rh8xg8
34.cxb4 Qe7g5
35.Nd1b2 Qg5xg2

0-1

[Event "Tourn. n7954"]
[Site "www.chess-mail.com"]
[Date "2015.01.19"]
[Round "1"]
[White "Iko"]
[Black "Anol"]
[WhiteElo "1480"]
[BlackElo "1290"]
[Result "1-0"]
[Round "1"]
1.e4 e5
2.Ng1f3 d6
3.d3 Nb8c6
4.c4 f5
5.Nf3g5 Qd8d7
6.a4 Nc6d4
7.Ng5f3 c5
8.Nf3xd4 cxd4
9.b4  { time }
1-0

[Event "Tourn. n7985"]
[Site "www.chess-mail.com"]
[Date "2015.01.19"]
[Round "1"]
[White "Bojan"]
[Black "Anja"]
[WhiteElo "1980"]
[BlackElo "2010"]
[Result "1-0"]
[Round "1"]
1.e4 Ng8f6
2.Nb1c3 d5
3.e5 d4
4.exf6 dxc3
5.fxg7 cxd2
6.Qd1xd2 Qd8xd2
7.Bc1xd2 Bf8xg7
8.c3 Nb8c6
9.h3 a6
10.Ng1f3 Bc8f5
11.Nf3h4 Bf5d7
12.Bf1d3 O-O-O
13.Bd3e4 Nc6e5
14.O-O-O Bd7e6
15.Bd2e3 Be6xa2
16.Kc2 Ba2e6
17.b3 Ne5d7
18.f4 Nd7f6
19.Be4f3 Nf6d5
20.Rd1d3 Bg7f6
21.f5 Bf6xh4
22.fxe6 fxe6
23.Be3d4 Rh8g8
24.Bf3g4 Rg8g6
25.g3 Bh4g5
26.Rh1e1 Kb8
27.Bg4xe6 { resign }
1-0

[Event "Tourn. n7946"]
[Site "www.chess-mail.com"]
[Date "2015.01.19"]
[Round "1"]
[White "Hansen"]
[Black "Dschelpe"]
[WhiteElo "1450"]
[BlackElo "1399"]
[Result "1-0"]
[Round "1"]
1.Ng1f3 d5
2.d4 g6
3.Nf3e5 Bf8g7
4.Ne5f3 Nb8c6
5.h3 e5
6.e3 e4
7.Nf3d2 Bc8f5
8.c3 Nc6e7
9.Qd1a4 c6
10.c4 Ng8f6
11.b4 O-O
12.Nb1c3 Bf5d7
13.cxd5 cxd5
14.Qa4b3 Bd7c6
15.b5 Bc6e8
16.Bc1a3 Nf6d7
17.h4 f5
18.Ba3xe7 Qd8xe7
19.Qb3xd5 Be8f7
20.Qd5xb7 Rf8b8
21.Qb7a6 Rb8b6
22.Qa6a5 f4
23.Nd2xe4 fxe3
24.fxe3 Nd7f6
25.Bf1d3 Nf6g4
26.Ke2 Ng4h6
27.Rh1h3 Bf7e6
28.Rh3h1 Nh6f5
29.d5 Be6d7
30.Ra1f1 Nf5xh4
31.Rh1h2 Nh4f5
32.Qa5a4 Bg7xc3
33.Qa4c4 Nf5d6
34.Qc4xc3 Nd6xe4
35.Qc3d4 Ne4g3
36.Kd2 Bd7f5
37.Rf1f3 Ng3e4
38.Ke2 Qe7a3
39.Bd3xe4 Bf5xe4
40.Qd4xe4 Qa3xa2
41.Kf1 Qa2a1
42.Kf2 Rb6xb5
43.Qe4e6 Kg7
44.Qe6f7 { resign }
1-0

[Event "Tourn. n7975"]
[Site "www.chess-mail.com"]
[Date "2015.01.19"]
[Round "1"]
[White "Falcoale"]
[Black "Osopanda"]
[WhiteElo "1880"]
[BlackElo "1980"]
[Result "0-1"]
[Round "1"]
1.e4 c5
2.Bf1c4 e6
3.Ng1f3 Nb8c6
4.a3 d6
5.Nb1c3 Ng8f6
6.d3 Bf8e7
7.Bc1e3 O-O
8.Qd1d2 a6
9.O-O-O b5
10.Bc4a2 b4
11.axb4 Nc6xb4
12.Be3g5 Nb4xa2
13.Nc3xa2 Ra8b8
14.e5 dxe5
15.Nf3xe5 Qd8b6
16.b3 Rf8d8
17.Ne5c4 Qb6b5
18.h4 e5
19.Qd2e3 Nf6g4
20.Qe3d2 f6
21.Bg5e3 Ng4xe3
22.fxe3 Bc8e6
23.Nc4a3 Qb5c6
24.Rh1g1 e4
25.Na3c4 exd3
26.cxd3 Rb8xb3
27.Nc4a5 Qc6a4
28.g4 Qa4a3
{ resign }
0-1

[Event "Tourn. n7884"]
[Site "www.chess-mail.com"]
[Date "2015.01.19"]
[Round "1"]
[White "Johnmcbride"]
[Black "Xav77"]
[WhiteElo "1800"]
[BlackElo "2020"]
[Result "0-1"]
[Round "1"]
1.e4 e5
2.Ng1f3 d6
3.h3 a6
4.d3 h6
5.c4 Nb8c6
6.Bc1d2 Ng8f6
7.b4 Bc8d7
8.a4 Bf8e7
9.Nb1a3 a5
10.Na3b5 axb4
11.Bd2xb4 Nc6xb4
12.Qd1b3 Nb4c6
13.Bf1e2 Nc6a5
14.Qb3c3 c6
15.Nb5a3 O-O
16.O-O b6
17.Na3c2 Na5b7
18.Ra1a2 b5
19.cxb5 cxb5
20.Rf1b1 Nb7c5
21.a5 Nc5a4
22.Qc3d2 Ra8xa5
23.Nc2b4 Na4c5
24.Nb4d5 Ra5xa2
25.Qd2xa2 Nf6xd5
26.exd5 Nc5a4
27.d4 Na4c3
28.Qa2b2 Nc3xb1
29.Qb2xb1 Qd8a5
30.Kh2 exd4
31.Nf3xd4 b4
32.Qb1b3 Be7f6
33.Nd4c6 Bd7xc6
34.Be2f3 Bc6a4
35.Qb3a2 b3
36.Qa2a3 Rf8e8
37.Bf3d1 b2
38.Qa3d3 Qa5e1
{ resign }
0-1

[Event "Tourn. n7932"]
[Site "www.chess-mail.com"]
[Date "2015.01.19"]
[Round "1"]
[White "Bigoak"]
[Black "Mfwolf"]
[WhiteElo "1990"]
[BlackElo "1970"]
[Result "0-1"]
[Round "1"]
1.e4 d5
2.d4 dxe4
3.f3 exf3
4.Ng1xf3 Ng8f6
5.Bf1c4 Bc8f5
6.O-O e6
7.Bc1g5 Bf8e7
8.Nb1d2 O-O
9.Bc4b3 c5
10.c3 Nb8c6
11.dxc5 Qd8a5
12.Bg5e3 Be7xc5
13.Qd1e2 Ra8d8
14.Nf3h4 Bf5d3
15.Qe2f2 Bc5xe3
16.Qf2xe3 Bd3xf1
17.Kxf1 Nf6g4
18.Qe3e2 Qa5b6
19.h3 Ng4e3
20.Ke1 Nc6e5
21.Nd2c4 Ne3xc4
22.Kf1 Nc4d2
23.Ke1 Qb6g1
{ resign }
0-1

[Event "Tourn. n7948"]
[Site "www.chess-mail.com"]
[Date "2015.01.19"]
[Round "1"]
[White "Falcoale"]
[Black "Difficult"]
[WhiteElo "1920"]
[BlackElo "1880"]
[Result "0-1"]
[Round "1"]
1.e4 c6
2.d4 d5
3.Nb1c3 g6
4.e5 Bf8g7
5.Ng1f3 Bc8g4
6.h3 Bg4xf3
7.Qd1xf3 e6
8.Bc1f4 Ng8e7
9.Nc3e2 O-O
10.g4 Nb8d7
11.O-O-O Qd8a5
12.Kb1 c5
13.c3 cxd4
14.Ne2xd4 Nd7xe5
15.Qf3d3 Ne5xd3
16.Rd1xd3 e5
17.Nd4b3 Qa5c7
18.Bf4g3 Qc7c6
19.Bf1g2 e4
20.Rd3e3 f5
21.g5 f4
22.Bg3xf4 Rf8xf4
23.h4 Rf4xf2
24.Bg2h3 Qc6b6
25.Bh3g4 Qb6xe3
{ resign }
0-1

[Event "Tourn. n7932"]
[Site "www.chess-mail.com"]
[Date "2015.01.19"]
[Round "1"]
[White "Colchester"]
[Black "Anja"]
[WhiteElo "1800"]
[BlackElo "1960"]
[Result "0-1"]
[Round "1"]
1.e4 Ng8f6
2.e5 Nf6d5
3.d4 d6
4.Ng1f3 dxe5
5.Nf3xe5 g6
6.c4 Nd5b6
7.Nb1c3 Bf8g7
8.Bc1e3 O-O
9.Bf1e2 Nb8d7
10.f4 Nd7xe5
11.fxe5 Bc8f5
12.O-O c6
13.Qd1d2 Qd8d7
14.Ra1d1 Ra8d8
15.b3 Qd7c7
16.Qd2b2 f6
17.Be3f4 fxe5
18.dxe5 Bg7xe5
19.Bf4xe5 Qc7xe5
20.Be2f3 Qe5e3
21.Kh1 Rd8xd1
22.Rf1xd1 e5
23.Nc3e2 e4
{ resign }
0-1

[Event "Tourn. n7989"]
[Site "www.chess-mail.com"]
[Date "2015.01.19"]
[Round "1"]
[White "Luban"]
[Black "Difficult"]
[WhiteElo "2120"]
[BlackElo "1900"]
[Result "1/2-1/2"]
[Round "1"]
1.d4 Ng8f6
2.c4 e6
3.e3 d5
4.Ng1f3 c5
5.Nb1c3 a6
6.Bf1d3 dxc4
7.Bd3xc4 b5
8.Bc4d3 Bc8b7
9.a3 Bf8e7
10.O-O O-O
11.dxc5 Be7xc5
12.b4 Bc5b6
13.Bd3e2 Nb8c6
14.Bc1b2 Qd8e7
15.Qd1c2 h6
16.Ra1d1 Rf8d8
17.Nc3a2 Ra8c8
18.Bb2xf6 Qe7xf6
19.Rd1xd8 Rc8xd8
20.Qc2c3 Qf6xc3
21.Na2xc3 Nc6e7
22.Rf1d1 Rd8xd1
23.Be2xd1 Ne7d5
24.Nc3xd5 { draw }
1/2-1/2

[Event "Tourn. n7961"]
[Site "www.chess-mail.com"]
[Date "2015.01.19"]
[Round "1"]
[White "Falcoale"]
[Black "Bojan"]
[WhiteElo "1870"]
[BlackElo "1910"]
[Result "0-1"]
[Round "1"]
1.e4 g6
2.d4 d5
3.e5 f6
4.Ng1f3 Bf8g7
5.Bc1f4 a6
6.Bf1d3 Nb8c6
7.O-O Bc8e6
8.Rf1e1 Qd8d7
9.Nb1c3 Nc6b4
10.a3 Nb4xd3
11.Qd1xd3 Ng8h6
12.Nc3e2 Qd7c6
13.c3 Be6f5
14.Qd3d2 Nh6f7
15.Nf3h4 Bf5g4
16.h3 Bg4e6
17.Nh4f3 Qc6d7
18.b3 O-O
19.Ra1c1 fxe5
20.Nf3xe5 Nf7xe5
21.dxe5 c5
22.Rc1d1 Ra8d8
23.Bf4h6 Rf8f5
24.Bh6xg7 Kxg7
25.Ne2g3 Rf5f7
26.Qd2g5 h6
27.Qg5e3 b6
28.Ng3e2 Rf7f5
29.Ne2f4 Rd8f8
30.Nf4xe6 Qd7xe6
31.Rd1d2 Rf5f4
32.Qe3d3 d4
33.cxd4 Rf4xd4
34.Qd3c2 Rd4xd2
35.Qc2xd2 Qe6xb3
36.Qd2d7 Qb3f7
37.Re1e2 e6
38.Qd7c6 Rf8b8
39.Re2e3 Rb8b7
40.Re3f3 Qf7d7
41.Qc6e4 Qd7d5
42.Qe4f4 Qd5d7
43.Rf3g3 Qd7f7
44.Qf4e4 Rb7d7
45.Qe4e2 b5
46.Qe2e4 c4
47.Qe4c6 Rd7a7
48.Rg3f3 Qf7e7
49.Rf3f6 Qe7xa3
50.Qc6xe6 Qa3d3
51.Rf6f3 Qd3d7
52.Qe6f6 Kh7
53.e6 Qd7d6
54.Rf3g3 Ra7g7
55.Rg3e3 Rg7e7
56.h4 b4
57.g4 c3
58.h5 gxh5
59.Qf6f5 Kh8
60.Qf5f8 Kh7
61.Qf8f5 Kg8
62.Qf5g6 Re7g7
63.Qg6e8 Kh7
64.e7 Rg7xg4
65.Kf1 Qd6d1
66.Re3e1 Qd1d3
67.Re1e2 Qd3h3
{ resign }
0-1